000 00694nam a22001577a 4500
003 OSt
005 20160323151744.0
008 160323b xxu||||| |||| 00| 0 eng d
040 _cRUA
082 _aAGR NY 2009 B470 Or.1
100 _98161
_aNY SAMATH; នី សំអាត
245 _aEffect of different fertilizers on lettuce at royal university of agriculture; ឥទ្ធិពលប្រភេទដីផ្សេងគ្នាលើដំណាំសាលាដក្នុងល័ក្ខខ័ណ្ធសាកលវិទ្យាល័យភូមិន្ទកសិកម្ម
260 _aPhnom Penh
_bRUA
_c2009
300 _ax;48p.
_bill.
_c29cm.
942 _2ddc
_cAGR
999 _c7770
_d7770